000
00224 a2200097 4500
001
13836
100
_a
Nicolson H
245
_a
The English Sense of Humour
260
_a
London
_b
Constable & Co. Ltd
_c
090
_c
10814
_d
10814
942
_a
NUST-CAE
_c
M
_c
908
999
_c
248909
_d
248909